Основные принципы и направления деятельности студенческой волонтерской организации ТУСУРА "Наш формат"; Актуальные проблемы гуманитарных наук

Detaylı Bibliyografya
Parent link:Актуальные проблемы гуманитарных наук.— 2008.— С. 5-6
Yazar: Антипенко Е. С.
Dil:Rusça
Baskı/Yayın Bilgisi: 2008
Konular:
Materyal Türü: Kitap Bölümü
KOHA link:https://koha.lib.tpu.ru/cgi-bin/koha/opac-detail.pl?biblionumber=228567

MARC

LEADER 00000naa2a2200000 4500
001 228567
005 20231031201613.0
035 |a (RuTPU)RU\TPU\book\249042 
035 |a RU\TPU\book\201100 
090 |a 228567 
100 |a 20121219d2008 k y0rusy50 ca 
101 0 |a rus 
102 |a RU 
200 1 |a Основные принципы и направления деятельности студенческой волонтерской организации ТУСУРА "Наш формат"  |f Е. С. Антипенко 
320 |a Библиогр.: 13 назв. 
463 0 |0 (RuTPU)RU\TPU\book\194420  |t Актуальные проблемы гуманитарных наук  |o сборник научных трудов, апрель 2008 г., Томск  |f Томский политехнический университет (ТПУ)  |v С. 5-6  |d 2008  |p 562 с. 
610 1 |a волонтерские организации 
700 1 |a Антипенко  |b Е. С. 
801 1 |a RU  |b 63413507  |c 20101008 
801 2 |a RU  |b 63413507  |c 20121219  |g RCR 
942 |c BK